LEADER 00913cam0 22002533 450 001 SON0005329 005 20130108100338.0 010 $a8834861019 100 $a20010223d1996 |||||ita|0103 ba 101 $ager 102 $aDE 200 1 $aPolitica Ancilla Juris$eLe radici giusnaturalistiche del liberalismo di Wilhelm von Humboldt$econ traduzione italiana$eAus klein Vortägen über Naturrecht$fVanda Fiorillo 210 $aTorino$cGiappichelli$d1996 215 $a190 p.$d23 cm 700 1$aFiorillo$b, Vanda$3AF00008931$4070$0156502 801 0$aIT$bUNISOB$c20130108$gRICA 850 $aUNISOB 852 $aUNISOB$j340.1$m90186 912 $aSON0005329 940 $aM 102 Monografia moderna SBN 941 $aM 957 $a340.1$b000986$gSI$d90186$rACQUISTO$p25.000$1catenacci$2UNISOB$3UNISOB$420130108100309.0$520130108100322.0$6catenacci 996 $aPolitica ancilla juris$9229556 997 $aUNISOB